Thích nghi hình thái và cấu trúc của thân cây song tử diệp : Luận văn tốt nghiệp Thạc sĩ ngành Sinh thái học
Đề tài nghiên cứu sự thích nghi của một số nhóm thân cây thuộc lớp song tử diệp thích nghi với nhân tố đất và nước, trong đó phân tích đặc điểm hình thái và cấu trúc thân cây ở môi trường trên cạn, dưới nước, đồng thời giải thíc...
Đã lưu trong:
| 主要作者: | |
|---|---|
| 格式: | 图书 |
| 语言: | Undetermined |
| 出版: |
Cần Thơ
Trường Đại học Cần Thơ
2014
|
| 主题: | |
| 标签: |
添加标签
没有标签, 成为第一个标记此记录!
|
| Thư viện lưu trữ: | Trung tâm Học liệu Trường Đại học Cần Thơ |
|---|
| LEADER | 01398nam a2200229Ia 4500 | ||
|---|---|---|---|
| 001 | CTU_192948 | ||
| 008 | 210402s9999 xx 000 0 und d | ||
| 082 | |a 571.3 | ||
| 082 | |b Ch125 | ||
| 088 | |a 60420120 | ||
| 100 | |a Lê, Thị Mỹ Châu | ||
| 245 | 0 | |a Thích nghi hình thái và cấu trúc của thân cây song tử diệp : | |
| 245 | 0 | |b Luận văn tốt nghiệp Thạc sĩ ngành Sinh thái học | |
| 245 | 0 | |c Lê Thị Mỹ Châu ; Huỳnh Thu Hòa, Ngô Thanh Phong (Cán bộ hướng dẫn) | |
| 260 | |a Cần Thơ | ||
| 260 | |b Trường Đại học Cần Thơ | ||
| 260 | |c 2014 | ||
| 520 | |a Đề tài nghiên cứu sự thích nghi của một số nhóm thân cây thuộc lớp song tử diệp thích nghi với nhân tố đất và nước, trong đó phân tích đặc điểm hình thái và cấu trúc thân cây ở môi trường trên cạn, dưới nước, đồng thời giải thích được sự hình thành những giá trị thích nghi của thân cây ở các môi trường nước ngọt và nước mặn. | ||
| 650 | |a Botany,Thực vật | ||
| 650 | |x Laboratory manuals,Sổ tay phòng thí nghiệm | ||
| 910 | |a Hải | ||
| 980 | |a Trung tâm Học liệu Trường Đại học Cần Thơ | ||